000 00640nam a22001937a 4500
005 20251108164142.0
008 250721s1986 xx 000 0 ara d
082 1 4 _aم/811.06/شاف
100 1 _aالشافعي، أبو عبد الله محمد
245 1 0 _aدايوان الشافعي :
_bحبر الأمة و أمام الأئمة /
250 _aط2.، مزيدة و منقحة
264 1 _aبيروت :
_bدار ابن زيدون،
_c1986.
300 _a126ص
650 1 7 _aالأدب العربي
650 1 7 _aالعصر العباسي
700 1 _aخفافي، محمد
_eتحقيق
942 _2ddc
_cREF
999 _c4932
_d4932